Представление документа в формате RUSMARC

ПолеНазваниеЗначение
  Тип записи a
  Библиографический уровень m
001 Контрольный номер RU/REG73/CBS_GRAD/9366e88f24e148ceb120d1f3e98a97c4
005 Дата корректировки 20260319152545.9
010 Индекс ISBN __
a ISBN 978-5-00158-408-7
b Уточнения в пер.
100 Данные общей обработки __
a Данные общей обработки 20260319d2020 d y0rusy0189## ca
101 Язык документа 0_
a Язык текста rus
a Язык текста eng
102 Страна публикации __
a Страна публикации RU
105 Кодированные данные (монография) __
a Кодированные данные (монография) a f 000yy
200 Заглавие и сведения об ответственности 1_
a Заглавие Стратегии выживания
b Общее обозначение материала Текст
f Первые сведения об ответственности И. Баголи
g Последующие сведения об ответственности перевод О. Перфильев
g Последующие сведения об ответственности художники П. Ковач, А. Надь, Ж. Ружински и др.
g Последующие сведения об ответственности редактор Е. Беляева
203 Вид содержания и тип средства __
a Вид содержания Текст
b Характеристика содержания визуальный
c Тип средства непосредственный
210 Выходные данные 1_
a Место издания Москва
c Издательство Свежий ветер
d Дата издания 2020
215 Физическое описание __
a Объем 64 с.
d Формат 24 см
c Иллюстрации/тип воспроизводства ил.
225 Серия 1_
a Серия Жизнь животных
333 Примечание о целевом назначении __
a Примечание о целевом назначении 6+
606 Тематические рубрики 0_
a Основная рубрика Детская литература
610 Ключевые слова 0_
a Ключевые слова энциклопедии детские; животный мир; зоология для детей
686 Индексы других классификаций __
a Классификационный индекс 83.3
2 Код системы rubbk
700 Автор _1
a Фамилия Баголи
b Имя (инициалы) И.
702 Вторичная интеллектуальная ответственность _1
a Фамилия Перфильев
b Имя (инициалы) О.
4 Код отношения 730
702 Вторичная интеллектуальная ответственность _1
a Фамилия Ковач
b Имя (инициалы) П.
4 Код отношения 040
702 Вторичная интеллектуальная ответственность _1
a Фамилия Надь
b Имя (инициалы) А.
4 Код отношения 040
702 Вторичная интеллектуальная ответственность _1
a Фамилия Ружински
b Имя (инициалы) Ж.
4 Код отношения 040
702 Вторичная интеллектуальная ответственность _1
a Фамилия Беляева
b Имя (инициалы) Е.
4 Код отношения 340
801 Источник записи _0
a Страна RU
b Организация RuCBSGrad
c Дата составления 20260319
g Правила каталогизации RCR
801 Источник записи _1
a Страна RU
b Организация RuCBSGrad
c Дата составления 20260319
g Правила каталогизации RCR
852 Данные о местонахождении __
i Авторский знак Б 14
a Наименование организации МБУК "ЦБС г.Димитровграда"
901 Тип документа __
t Тип документа m
909 Создатель записи __
b Дата создания записи 20260319
a Создатель записи Терехова